|
|
|
|
| LEADER |
00707cam a2200193 7i4500 |
| 001 |
0000027754 |
| 005 |
20120516090000.0 |
| 020 |
0 |
0 |
|a 9789675626142
|
| 090 |
0 |
0 |
|a M 338.47669595
|b ISK
|
| 110 |
2 |
0 |
|a Iskandar Regional Development Authority (IRDA)
|
| 245 |
2 |
0 |
|a Invest petrochem and oleochem Iskandar Malaysia :
|b the world-class petrochemical and oleochemical destination.
|
| 260 |
0 |
0 |
|a Johor Bahru:
|b IRDA,
|c 2011.
|
| 300 |
# |
# |
|a 78 p.
|
| 650 |
0 |
0 |
|a Malaysia --
|x Economic policy
|
| 650 |
0 |
0 |
|a Industrial development projects --
|z Malaysia
|
| 650 |
0 |
0 |
|a Iskandar Malaysia
|
| 650 |
0 |
0 |
|a Petroleum chemical industry --
|z Malaysia
|
| 651 |
0 |
0 |
|a Malaysia
|
| 999 |
|
|
|a 0000028826
|b Book
|c Malaysia
|e Business Information Centre
|